| 000 | 01213nam a2200337 i 4500 | ||
|---|---|---|---|
| 001 | 192711 | ||
| 003 | SpMaBN | ||
| 005 | 20240229063330.0 | ||
| 007 | ta | ||
| 008 | 230512s2021 sp | |||| 000 0 spa | ||
| 017 |
_aM 10033-2021 _bOficina Depósito Legal Madrid |
||
| 020 | _a9788409296514 | ||
| 040 |
_aSpMaBN _bspa _cES-MaACL _erda |
||
| 080 | _a821.134.2 Cervantes Saavedra, Miguel de 7 Quijote.07 | ||
| 100 | 1 |
_aCorcés, Valentín _eaut _940481 |
|
| 245 | 1 | 0 |
_aCalas y catas en El Quijote : _bpsicoanálisis y psicopatología en el texto cervantino / _cValentín Corcés Pando |
| 264 | 1 |
_aMadrid : _bFundación Canis Majoris, _c[2021] |
|
| 300 |
_a461 páginas ; _c20 cm |
||
| 336 |
_aTexto _2rdacontent |
||
| 337 |
_asin mediación _2rdamedia |
||
| 338 |
_avolumen _2rdacarrier |
||
| 490 | 1 | _aMajoris Canis | |
| 500 | _aÍndice | ||
| 504 | _aBibliografía: páginas 445-461 | ||
| 600 | 1 | 4 |
_aCervantes Saavedra, Miguel de, _d1547-1616. _tDon Quijote de la Mancha _937612 |
| 830 |
_aMajoris Canis _9193622 |
||
| 852 |
_aES-MaACL _bR.153108 _cDEPOJ _hDonación: Editorial _jN-8345 _9200009 |
||
| 942 |
_n0 _cMONOGRAFIA |
||
| 999 |
_c192711 _d192711 |
||